Crime Determinants From the Spatial Perspective: A GWR Approach
Analýza faktorov ovplyvňujúcich kriminalitu s ohľadom na umiestnenie regiónu v priestore s využitím prístupu geograficky váženej regresie (GWR).
Gespeichert in:
| 1. Verfasser: | |
|---|---|
| Format: | Buchkapitel |
| Sprache: | Englisch |
| Schlagworte: | |
| Tags: |
Keine Tags, Fügen Sie das erste Tag hinzu!
|
MARC
| LEADER | 00000naa$a2200000$$$4500 | ||
|---|---|---|---|
| 001 | 0249521 | ||
| 005 | 20240502074006.0 | ||
| 041 | 0 | |a eng | |
| 044 | |a SK | ||
| 245 | 1 | 0 | |a Crime Determinants From the Spatial Perspective: A GWR Approach |c Michaela Chocholatá |
| 520 | |a Analýza faktorov ovplyvňujúcich kriminalitu s ohľadom na umiestnenie regiónu v priestore s využitím prístupu geograficky váženej regresie (GWR). | ||
| 610 | 2 | 0 | |a kriminalita |
| 610 | 2 | 0 | |a regióny |
| 610 | 2 | 0 | |a regresia |
| 610 | 2 | 0 | |a geografia sociálna |
| 610 | 2 | 0 | |a analýza faktorová |
| 100 | 1 | |a Chocholatá, Michaela, 1977- | |